| 000 | 00768nam a2200229Ia 4500 | ||
|---|---|---|---|
| 003 | 0100 | ||
| 008 | 130227s9999 xx 000 0 und d | ||
| 020 | _a1779220545 | ||
| 040 | _cARRUPELIB | ||
| 050 | _aDT3022.Y66 | ||
| 100 |
_aYoshikuni, Tsuneo _927953 |
||
| 245 | _aAfrican urban experiences in colonial Zimbabwe | ||
| 245 | _ba social history of Harare before the mid -- 20th century | ||
| 260 | _aTokyo | ||
| 260 | _bTsuneo Yoshikini Papers Publishing Group | ||
| 300 | _a136p. | ||
| 300 | _b 23 cm | ||
| 650 |
_bSegregation _xHistory _y20th Century _zZimbabwe, Harare _927954 |
||
| 650 |
_bMigrant labor _xHistory _y20th Century _zZimbabwe, Harare _927955 |
||
| 650 |
_bHarare (Zimbabwe) _xSocial conditions _y20th Century _927956 |
||
| 942 |
_2lcc _cMONOGRAPH |
||
| 999 |
_c6240 _d6240 |
||